| 000 | 00867nac a22002171u 4500 | ||
|---|---|---|---|
| 010 | _a 2003042548 | ||
| 020 | _a0138414467 | ||
| 082 | 0 | 0 |
_a621.815 _bM921 |
| 090 |
_c4416 _d4416 |
||
| 100 | _aMott, Robert L. | ||
| 245 | 1 | 0 |
_aMachine elements in mechanical design / _cRobert L. Mott. |
| 250 | _a3th ed. | ||
| 260 |
_aUpper Saddle River, N.J. : _bPearson/Prentice Hall,1999 _c1999 |
||
| 300 |
_a1 v. (various pagings) : _bill. ; _c27 cm. |
||
| 504 | _aIncludes bibliographical references and index. | ||
| 538 | _aSystem requirements for accompanying computer disc: Windows 98 or higher. | ||
| 650 | 0 | _aMachine design. | |
| 650 | 0 | _aMechanical movements. | |
| 942 |
_cBB _k621.815M921 |
||
| 999 |
_c4416 _d4416 |
||